<?xml version="1.0" encoding="UTF-8"?><?xml-stylesheet type="text/xsl" href="static/style.xsl"?><OAI-PMH xmlns="http://www.openarchives.org/OAI/2.0/" xmlns:xsi="http://www.w3.org/2001/XMLSchema-instance" xsi:schemaLocation="http://www.openarchives.org/OAI/2.0/ http://www.openarchives.org/OAI/2.0/OAI-PMH.xsd"><responseDate>2026-04-14T07:25:37Z</responseDate><request verb="GetRecord" identifier="oai:www.recercat.cat:20.500.12327/4676" metadataPrefix="marc">https://recercat.cat/oai/request</request><GetRecord><record><header><identifier>oai:recercat.cat:20.500.12327/4676</identifier><datestamp>2025-10-22T11:05:34Z</datestamp><setSpec>com_2072_4428</setSpec><setSpec>com_2072_4427</setSpec><setSpec>col_2072_487898</setSpec></header><metadata><record xmlns="http://www.loc.gov/MARC21/slim" xmlns:dcterms="http://purl.org/dc/terms/" xmlns:xsi="http://www.w3.org/2001/XMLSchema-instance" xmlns:doc="http://www.lyncode.com/xoai" xsi:schemaLocation="http://www.loc.gov/MARC21/slim http://www.loc.gov/standards/marcxml/schema/MARC21slim.xsd">
   <leader>00925njm 22002777a 4500</leader>
   <datafield ind2=" " ind1=" " tag="042">
      <subfield code="a">dc</subfield>
   </datafield>
   <datafield ind2=" " ind1=" " tag="720">
      <subfield code="a">Cruz-Conesa, Andrés</subfield>
      <subfield code="e">author</subfield>
   </datafield>
   <datafield ind2=" " ind1=" " tag="720">
      <subfield code="a">Bach Knudsen, Knud Erik</subfield>
      <subfield code="e">author</subfield>
   </datafield>
   <datafield ind2=" " ind1=" " tag="720">
      <subfield code="a">Ruisánchez, Itziar</subfield>
      <subfield code="e">author</subfield>
   </datafield>
   <datafield ind2=" " ind1=" " tag="720">
      <subfield code="a">Ferré, Joan</subfield>
      <subfield code="e">author</subfield>
   </datafield>
   <datafield ind2=" " ind1=" " tag="720">
      <subfield code="a">Pérez-Vendrell, Anna Maria</subfield>
      <subfield code="e">author</subfield>
   </datafield>
   <datafield ind2=" " ind1=" " tag="720">
      <subfield code="a">Joan Noel, Samantha</subfield>
      <subfield code="e">author</subfield>
   </datafield>
   <datafield ind2=" " ind1=" " tag="260">
      <subfield code="c">2025-06-05</subfield>
   </datafield>
   <datafield ind2=" " ind1=" " tag="520">
      <subfield code="a">Carbohydrates (CHO) are the principal constituents of the diets given to monogastric animals around the world.&#xd;
They supply the largest part of the energy to the animal, despite the fact only monosaccharides, disaccharides&#xd;
and starch can be enzymatically broken down in the small intestine into monosaccharides that are readily&#xd;
absorbed. In contrast, oligosaccharides (OS), resistant starch, non-starch polysaccharides (NSP) and lignin resist&#xd;
enzymatic digestion and thus cannot be absorbed directly. They compose the so-called dietary fiber. The soluble&#xd;
fraction of fiber is almost completely fermentable and causes benefits to the gastrointestinal tract while the&#xd;
insoluble fibre is less degraded and therefore lead to a decrease in nutrient and energy digestibility. The CHO&#xd;
fraction and its composition is highly variable among feed ingredients but also amongst the different varieties of&#xd;
the same ingredient. To improve the nutrient utilization and to formulate animal diets that are more efficient it is&#xd;
necessary to characterize the CHO fraction of the ingredients. In addition, with the growing use of supplementary&#xd;
enzymes, such as xylanase, β-glucanase or mannanase to mitigate the anti-nutritive effect of fiber the determination of the CHO components is essential. To make a full account of the CHO and lignin constituents, several&#xd;
wet chemical enzymatic, chromatographic and gravimetric methods need to be employed, which are expensive&#xd;
and time-consuming. Near-infrared spectroscopy (NIRS) overcomes these limitations because it is a rapid, nondestructive, multi-parametric technique and requires minimal sample preparation. In this work, around 300&#xd;
samples of animal feedstuffs, consisting of cereals, cereal co-products, protein-rich and fiber-rich feedstuffs were&#xd;
used to develop and validate near-infrared (NIR) partial least square regression (PLSR) models. Spectral pretreatment optimization, sample selection and outlier detection were considered for each model. Robust predictions (R2 P>0.90) were obtained for digestible carbohydrates (sugars and starch) and for most of the total or&#xd;
insoluble components of dietary fiber (lignin, NSP, cellulose, β-glucan, non-cellulosic polysaccharides (NCP),&#xd;
arabinose, xylose, galactose, rhamnose and uronic acids). The OS, fructans were well predicted in cereals&#xd;
(R2 P=0.94) and linearity (R2 CV>0.70) was also found for α-galactosides (raffinose, stachyose and verbascose) in&#xd;
protein-rich feedstuffs. The obtained results were in general very satisfactory and demonstrate that NIRS is a&#xd;
reliable tool to characterize the carbohydrate fraction of a variety of feedstuffs.</subfield>
   </datafield>
   <datafield ind1="8" ind2=" " tag="024">
      <subfield code="a">Cruz-Conesa, Andrés, Knud Erik Bach Knudsen, Itziar Ruisánchez, Joan Ferré, Anna M Pérez-Vendrell, and Samantha Joan Noel. 2025. “Determination of Carbohydrate and Lignin Content in Feedstuffs for Monogastric Animals Using Near-infrared Spectroscopy.” Poultry Science 104 (9): 105394. doi: 10.1016/j.psj.2025.105394</subfield>
   </datafield>
   <datafield ind1="8" ind2=" " tag="024">
      <subfield code="a">0032-5791</subfield>
   </datafield>
   <datafield ind1="8" ind2=" " tag="024">
      <subfield code="a">http://hdl.handle.net/20.500.12327/4676</subfield>
   </datafield>
   <datafield ind1="8" ind2=" " tag="024">
      <subfield code="a">https://doi.org/10.1016/j.psj.2025.105394</subfield>
   </datafield>
   <datafield ind2="0" ind1="0" tag="245">
      <subfield code="a">Determination of carbohydrate and lignin content in feedstuffs for monogastric animals using near-infrared spectroscopy</subfield>
   </datafield>
</record></metadata></record></GetRecord></OAI-PMH>